| Tag |
First Indicator |
Second Indicator |
Subfields |
| LEADER |
00000cam a2200000 a 4500 |
| 001 |
in00000018671 |
| 005 |
20151007054027.0 |
| 008 |
870602s1987 nyuaf b 00110 eng |
| 010 |
|
|
|a 87017347
|
| 020 |
|
|
|a 0195049225 (alk. paper)
|
| 035 |
|
|
|a (OCoLC)16085008
|
| 035 |
|
|
|9 AAB3742AM
|
| 040 |
|
|
|a DLC
|c DLC
|d TXA
|d UtOrBLW
|
| 043 |
|
|
|a e-uk---
|
| 049 |
|
|
|a TXAM
|c [A11493938]
|
| 050 |
0 |
0 |
|a PR461
|b .S78 1987
|
| 082 |
0 |
|
|a 820/.9/008
|2 19
|
| 100 |
1 |
|
|a Stein, Richard L.
|
| 245 |
1 |
0 |
|a Victoria's year :
|b English literature and culture, 1837-1838 /
|c Richard L. Stein.
|
| 264 |
|
1 |
|a New York :
|b Oxford University Press,
|c 1987.
|
| 300 |
|
|
|a xiii, 314 pages, 32 unnumbered pages of plates :
|b illustrations ;
|c 22 cm.
|
| 336 |
|
|
|a text
|b txt
|2 rdacontent
|
| 337 |
|
|
|a unmediated
|b n
|2 rdamedia
|
| 338 |
|
|
|a volume
|b nc
|2 rdacarrier
|
| 504 |
|
|
|a Bibliography: pages 283-306.
|
| 500 |
|
|
|a Includes index.
|
| 650 |
|
0 |
|a English literature
|y 19th century
|x History and criticism.
|
| 651 |
|
0 |
|a Great Britain
|x Civilization
|y 19th century.
|
| 651 |
|
0 |
|a Great Britain
|x History
|y Victoria, 1837-1901.
|
| 600 |
0 |
0 |
|a Victoria,
|c Queen of Great Britain,
|d 1819-1901
|x Coronation.
|
| 999 |
|
|
|a MARS
|
| 999 |
f |
f |
|s 183e1404-62ea-3b1a-9567-878fa1da0f02
|i aacb4268-5b0f-37d5-a77e-e5a3701ce30c
|t 0
|
| 952 |
f |
f |
|p normal
|a Texas A&M University
|b College Station
|c Sterling C. Evans Library
|d Evans: Library Stacks
|t 0
|e PR461 .S78 1987
|h Library of Congress classification
|i unmediated -- volume
|m A14811493938
|
| 998 |
f |
f |
|a PR461 .S78 1987
|t 0
|l Evans: Library Stacks
|